In memoriam : François Sigaut (1940-2012) (notice n° 1637279)
[ vue normale ]
| 000 -LEADER | |
|---|---|
| fixed length control field | 02434cam a2200181 4500500 |
| 005 - DATE AND TIME OF LATEST TRANSACTION | |
| control field | 20260111150241.0 |
| 041 ## - LANGUAGE CODE | |
| Language code of text/sound track or separate title | fre |
| 042 ## - AUTHENTICATION CODE | |
| Authentication code | dc |
| 100 10 - MAIN ENTRY--PERSONAL NAME | |
| Personal name | Bourrigaud, René |
| Relator term | author |
| 245 00 - TITLE STATEMENT | |
| Title | In memoriam : François Sigaut (1940-2012) |
| 260 ## - PUBLICATION, DISTRIBUTION, ETC. | |
| Date of publication, distribution, etc. | 2013.<br/> |
| 500 ## - GENERAL NOTE | |
| General note | 32 |
| 520 ## - SUMMARY, ETC. | |
| Summary, etc. | À travers l’expérience d’une population de Français d’origine cambodgienne qui ont choisi de s’installer dans le pays que leurs parents ont quitté il y a trente ans, cet article aborde la question de l’identité. Plutôt que de s’intéresser aux « stratégies » identitaires d’« acteurs sociaux » passablement désincarnés, l’article met l’accent sur les effets les plus immédiats de l’arrivée au Cambodge sur les représentations du soi. L’objectif est alors de montrer comment le processus identitaire en question est lié aux spécificités du modèle français d’intégration ainsi qu’à l’objectivation d’une mémoire jusqu’alors inscrite dans les corps. |
| 520 ## - SUMMARY, ETC. | |
| Summary, etc. | Phenotype, Culture and MigrationThrough the example of some second generation French Cambodians who decided to settle in the country that their parents left thirty years ago, this article explores the question of identity. Instead of considering the latter through “strategies” of abstract “social actors”, the article explores the more instantaneous impacts of the arrival on self-representation. Thus, it aims to show how the identity process is linked to the French ideal of integration on the one hand, and to the objectification of some embodied memories on the other hand. |
| 520 ## - SUMMARY, ETC. | |
| Summary, etc. | Der vorliegende Artikel geht der Frage der Identität am Beispiel der Erfahrungen einer Gruppe von kambodschanisch stämmigen Franzosen nach, die sich in dem Land niederlassen, das ihre Eltern vor über 30 Jahren verlassen haben. Dabei stehen vor allem die unmittelbaren Auswirkungen der Ankunft in Kambodscha auf die jeweilige Persönlichkeit im Vordergrund und weniger die Identitätsstrategien bestimmter sozialer Akteure. Ziel ist es zu zeigen, ob und wenn ja wie der Prozess der Identitätsbildung und das französische Integrationsmodell miteinander zusammenhängen und welche Rolle die Erinnerung dabei spielt. |
| 786 0# - DATA SOURCE ENTRY | |
| Note | Ethnologie française | 43 | 2 | 2013-05-23 | p. 359-360 | 0046-2616 |
| 856 41 - ELECTRONIC LOCATION AND ACCESS | |
| Uniform Resource Identifier | <a href="https://shs.cairn.info/revue-ethnologie-francaise-2013-2-page-359?lang=fr&redirect-ssocas=7080">https://shs.cairn.info/revue-ethnologie-francaise-2013-2-page-359?lang=fr&redirect-ssocas=7080</a> |
Pas d'exemplaire disponible.




Réseaux sociaux